000 00265nam a22001097a 4500
008 170126b xxu||||| |||| 00| 0 eng d
020 _a9781435419223
041 _aeng
080 _24TH
_a61
245 _aADMINISTRATIVE MEDICAL ASSISTING
_cLINDH, W.Q
942 _2udc
_cBK
999 _c3717
_d3717